[Event "IX Festival Open"]
[Site "Amantea ITA"]
[Date "2011.09.05"]
[Round "2"]
[White "Caporale, Giuseppe Guido"]
[Black "Mazzuca, Aldo"]
[Result "1-0"]
[WhiteElo "1752"]
[BlackElo "1458"]
[PlyCount "129"]
[EventDate "2011.09.04"]

1. e4 e5 2. Nf3 Nc6 3. Bc4 Nf6 4. Nc3 Be7 5. O-O O-O 6. d4 d6 7. h3 h6 8. Re1
Na5 9. Bf1 Nc6 10. d5 Nb8 11. Nb1 c5 12. a3 Bd7 13. b4 b6 14. Bd2 Qc8 15. Nc3
c4 16. b5 a6 17. a4 axb5 18. axb5 Rxa1 19. Qxa1 Qc7 20. Be3 Rc8 21. Qa4 Be8 22.
Nd2 Nbd7 23. f3 Nc5 24. Qxc4 Qb7 25. Qb4 Nfd7 26. Kh2 f6 27. Ra1 Bg6 28. Nb3
Nxb3 29. Qxb3 Nc5 30. Qb4 f5 31. Bd3 Nxd3 32. cxd3 f4 33. Bf2 Be8 34. Na4 Qa8
35. Nxb6 Qxa1 36. Nxc8 Bf8 37. b6 Qa2 38. Bg1 Bh5 39. Qe1 Bxf3 40. Qf2 Qa8 41.
Qxf3 Qxc8 42. Qg4 Qb7 43. Qe6+ Kh8 44. Qe8 Kg8 45. Qc6 Qa6 46. b7 Qxd3 47. Bf2
f3 48. b8=Q Qf1 49. Qxf8+ Kxf8 50. Qc8+ Kf7 51. Qe6+ Kf8 52. Qf5+ Kg8 53. Qxf3
Qa6 54. Qf5 Qb7 55. Bg3 Qb1 56. Bxe5 dxe5 57. Qxe5 Qb7 58. d6 Qd7 59. Qd5+ Kf8
60. g4 Qc8 61. Qf5+ Qxf5 62. gxf5 Kf7 63. e5 Ke8 64. Kg3 Kd7 65. Kf4 1-0

[Event "IX Festival Open"]
[Site "Amantea ITA"]
[Date "2011.09.05"]
[Round "2"]
[White "Catapano, Francesco"]
[Black "Pelyushenko, Olga"]
[Result "1-0"]
[WhiteElo "1787"]
[BlackElo "1506"]
[PlyCount "89"]
[EventDate "2011.09.04"]

1. Nf3 d5 2. g3 Nf6 3. Bg2 Nc6 4. d3 e5 5. Nbd2 Bc5 6. h3 O-O 7. O-O e4 8. dxe4
dxe4 9. Ng5 e3 10. Nde4 Nxe4 11. Nxe4 exf2+ 12. Nxf2 Qf6 13. e3 Qe5 14. Qf3 Re8
15. Ne4 f5 16. Nxc5 Qxc5 17. Qd5+ Qxd5 18. Bxd5+ Kh8 19. Bxc6 bxc6 20. Rf4 g5
21. Rc4 Bd7 22. Bd2 Rab8 23. Rd1 Kg8 24. Bc3 Be6 25. Rxc6 Rb7 26. b3 f4 27.
exf4 gxf4 28. Re1 Bd7 29. Rxe8+ Bxe8 30. Rc4 fxg3 31. Kg2 c6 32. Kxg3 Re7 33.
Bd4 a6 34. c3 Re2 35. a4 Bd7 36. Rc5 Be8 37. Ra5 Rd2 38. Rg5+ Bg6 39. h4 Kf7
40. b4 h6 41. Re5 Bd3 42. Re3 Bf5 43. Rf3 Ke6 44. Kf4 Rg2 45. Re3+ 1-0

[Event "IX Festival Open"]
[Site "Amantea ITA"]
[Date "2011.09.05"]
[Round "2"]
[White "Coico, Pompeo"]
[Black "Valotta, Massimiliano"]
[Result "0-1"]
[WhiteElo "1698"]
[BlackElo "1855"]
[PlyCount "102"]
[EventDate "2011.09.04"]

1. b3 d5 2. Bb2 c5 3. e3 Nc6 4. Nf3 Bg4 5. Be2 Qc7 6. d4 Bxf3 7. Bxf3 cxd4 8.
Bxd5 Qa5+ 9. Nd2 Qxd5 10. e4 Qg5 11. O-O e5 12. Nf3 Qd8 13. Qd3 Nf6 14. Bc1 Bb4
15. Bg5 h6 16. Bh4 Bc3 17. Rad1 O-O 18. Qb5 Qb6 19. Qe2 Qa6 20. Qxa6 bxa6 21.
Bxf6 gxf6 22. Nh4 Nb4 23. a3 Nxc2 24. Rd3 Rfe8 25. Nf5 Kh7 26. Rh3 Bd2 27. b4
Rac8 28. g3 Rg8 29. Rd1 Bg5 30. Ne7 Rc3 31. Nxg8 Kxg8 32. Rh5 Nxa3 33. Kg2 d3
34. h4 Bc1 35. f4 exf4 36. gxf4 Bxf4 37. Rc5 Rb3 38. Rc6 Be5 39. Kf3 Kf8 40.
Ke3 Nc2+ 41. Kf2 Nxb4 42. Rc8+ Ke7 43. Rcc1 a5 44. Rb1 Ra3 45. Kf3 Ra2 46. Kg4
Ke6 47. Kh5 Bf4 48. Kg4 Ke5 49. Kf3 d2 50. Ra1 Rxa1 51. Rxa1 Nc6 0-1

[Event "IX Festival Open"]
[Site "Amantea ITA"]
[Date "2011.09.05"]
[Round "2"]
[White "Crippa, Oscar"]
[Black "Attina', Rodolfo"]
[Result "1-0"]
[WhiteElo "1673"]
[BlackElo "1401"]
[PlyCount "71"]
[EventDate "2011.09.04"]

1. e4 c5 2. d4 cxd4 3. c3 dxc3 4. Nxc3 a6 5. Nf3 b5 6. Bf4 e6 7. Be2 Nc6 8. O-O
Be7 9. Rc1 Bb7 10. e5 h6 11. Bd3 Qc7 12. Ne4 Rd8 13. Bb1 Qb8 14. a3 Qa8 15. Qe2
b4 16. a4 a5 17. Rfd1 Ba6 18. Bd3 Bxd3 19. Qxd3 b3 20. Qxb3 g5 21. Bg3 g4 22.
Nd4 Nb4 23. Nc3 h5 24. Ncb5 Kf8 25. h4 gxh3 26. gxh3 Nd5 27. Qf3 Rc8 28. h4 Rc5
29. Rxc5 Bxc5 30. Nd6 Rh7 31. N4b5 Qd8 32. Rc1 Qb6 33. Ne4 Qc6 34. Rxc5 Qa8 35.
Nbd6 Nde7 36. Nf6 1-0

[Event "IX Festival Open"]
[Site "Amantea ITA"]
[Date "2011.09.05"]
[Round "2"]
[White "Donati, Michele"]
[Black "Trifoglio, Giovanni"]
[Result "1-0"]
[WhiteElo "1703"]
[BlackElo "1879"]
[PlyCount "151"]
[EventDate "2011.09.04"]

1. c4 Nf6 2. Nf3 g6 3. g3 Bg7 4. Bg2 O-O 5. O-O d6 6. d4 Nc6 7. d5 Na5 8. Nfd2
c5 9. Nc3 a6 10. Qc2 Rb8 11. Rb1 b6 12. a3 Bd7 13. e4 Qc7 14. h3 Nh5 15. Ne2
Rfc8 16. b3 b5 17. Bb2 Bxb2 18. Rxb2 bxc4 19. bxc4 Rxb2 20. Qxb2 Rb8 21. Qa2
Ba4 22. Rb1 Rxb1+ 23. Qxb1 Qb7 24. Qxb7 Nxb7 25. f4 Bd1 26. Nc3 Bc2 27. Kf2 Na5
28. Bf1 Nf6 29. Ke3 Nd7 30. Bd3 Bb3 31. Nxb3 Nxb3 32. Nb1 Nb6 33. Nd2 Nd4 34.
e5 Kf8 35. Ne4 Nf5+ 36. Kf3 Nc8 37. exd6 exd6 38. Nf6 Nd4+ 39. Ke3 Kg7 40. Ne8+
Kf8 41. Nc7 a5 42. g4 Ke7 43. f5 Kd7 44. fxg6 fxg6 45. Nb5 Nxb5 46. cxb5 Nb6
47. Ke4 Ke7 48. h4 Nd7 49. g5 Ne5 50. Be2 Kd7 51. a4 Kc7 52. Bf1 c4 53. Bh3 c3
54. Ke3 c2 55. Kd2 Nf3+ 56. Kxc2 Nxh4 57. Bg4 Ng2 58. Kd2 Nf4 59. Be6 Kb6 60.
Ke3 Ng2+ 61. Kf2 Nf4 62. Ke3 Ng2+ 63. Kf3 Ne1+ 64. Ke2 Nc2 65. Kd3 Ne1+ 66. Ke2
Nc2 67. Bg8 Kc5 68. Bxh7 Kxd5 69. Bxg6 Nd4+ 70. Kd3 Ke5 71. b6 Ne6 72. Kc4 Nd4
73. b7 Nc6 74. Be8 Nb8 75. g6 Kf6 76. Kd5 1-0

[Event "IX Festival Open"]
[Site "Amantea ITA"]
[Date "2011.09.05"]
[Round "2"]
[White "Ferro, Ferruccio"]
[Black "Stoja, Rocco"]
[Result "0-1"]
[WhiteElo "1480"]
[BlackElo "1772"]
[PlyCount "48"]
[EventDate "2011.09.04"]

1. e4 g6 2. d4 Bg7 3. Nf3 d6 4. h3 Nf6 5. Nc3 Nbd7 6. Be3 e5 7. dxe5 dxe5 8.
Qd2 c6 9. O-O-O O-O 10. Bh6 Qa5 11. Bxg7 Kxg7 12. a3 b5 13. Na2 Qb6 14. Nc3 a5
15. Qg5 b4 16. Na4 Qc7 17. Qe3 c5 18. Bb5 Bb7 19. Bxd7 Nxd7 20. Rxd7 Qxd7 21.
Nxc5 Qe7 22. Nxb7 Qxb7 23. Nxe5 bxa3 24. Qxa3 Qxe4 0-1

[Event "IX Festival Open"]
[Site "Amantea ITA"]
[Date "2011.09.05"]
[Round "2"]
[White "Garofalo, Raffaele"]
[Black "Paragliola, Gennaro"]
[Result "0-1"]
[WhiteElo "1402"]
[BlackElo "1576"]
[PlyCount "100"]
[EventDate "2011.09.04"]

1. d4 Nf6 2. Nf3 g6 3. Nbd2 Bg7 4. e4 d6 5. Bd3 O-O 6. c3 c5 7. O-O Nc6 8. Qc2
cxd4 9. Nxd4 Qb6 10. Nxc6 Qxc6 11. Re1 b5 12. Nf3 Nd7 13. Be3 Bb7 14. Bd4 e5
15. Be3 Nc5 16. Bxc5 dxc5 17. Nd2 c4 18. Bf1 Rad8 19. Rad1 Rd6 20. Nf3 Rfd8 21.
Rxd6 Rxd6 22. Nd2 Bh6 23. Nf3 f6 24. Nd2 Rxd2 25. Qb1 Qb6 26. Re2 Rxe2 27. Bxe2
Qd6 28. Qc2 Qd2 29. Qxd2 Bxd2 30. f3 Bc1 31. b3 cxb3 32. axb3 a6 33. c4 b4 34.
Kf1 Be3 35. Ke1 a5 36. Kd1 Kf7 37. Kc2 Ke6 38. Kd3 Bc5 39. g4 h6 40. h4 f5 41.
Bd1 fxe4+ 42. fxe4 Kf6 43. Be2 Bf2 44. h5 gxh5 45. gxh5 Kg5 46. Bd1 Bc6 47. Bf3
Be8 48. Ke2 Bd4 49. Kd3 Bxh5 50. Bxh5 Kxh5 0-1

[Event "IX Festival Open"]
[Site "Amantea ITA"]
[Date "2011.09.05"]
[Round "2"]
[White "Gemelli, Antonio"]
[Black "Galante, Benedetto"]
[Result "0-1"]
[WhiteElo "1458"]
[BlackElo "1682"]
[PlyCount "42"]
[EventDate "2011.09.04"]

1. Nf3 e6 2. g3 g6 3. Bg2 Bg7 4. d3 Nf6 5. O-O O-O 6. c3 d6 7. e4 c5 8. a4 Nc6
9. Na3 a6 10. Bd2 Rb8 11. Nc4 b5 12. axb5 axb5 13. Ne3 Nd7 14. Qc2 Qb6 15. Rab1
Ba6 16. Rfc1 b4 17. Ne1 b3 18. Qd1 Nde5 19. Bf1 f5 20. f4 Ng4 21. Kh1 Nf2+ 0-1

[Event "IX Festival Open"]
[Site "Amantea ITA"]
[Date "2011.09.05"]
[Round "2"]
[White "Greco, Simone"]
[Black "Di Salvio, Giuseppe"]
[Result "1/2-1/2"]
[WhiteElo "1570"]
[BlackElo "1785"]
[PlyCount "70"]
[EventDate "2011.09.04"]

1. e4 d6 2. d4 g6 3. Nc3 Nf6 4. Nf3 Nc6 5. Be2 Bg7 6. O-O O-O 7. h3 e5 8. dxe5
dxe5 9. Bb5 Qe7 10. Be3 Rd8 11. Nd2 Nd4 12. Bd3 Be6 13. Ne2 c5 14. c3 Nc6 15.
Bc2 Rd7 16. Ng3 Rad8 17. Qe2 a6 18. Rfd1 b5 19. Nb3 Rxd1+ 20. Rxd1 Rxd1+ 21.
Qxd1 Nd7 22. Qd2 c4 23. Nc1 Nc5 24. Bg5 f6 25. Be3 Bf8 26. b4 cxb3 27. axb3 Qd7
28. Qxd7 Nxd7 29. b4 a5 30. bxa5 Nxa5 31. f3 Nc4 32. Bb3 Nc5 33. Bf2 Kf7 34.
Ba2 Na4 35. Nge2 Nc5 1/2-1/2

[Event "IX Festival Open"]
[Site "Amantea ITA"]
[Date "2011.09.05"]
[Round "2"]
[White "Luongo, Antonio"]
[Black "Suriano, Davide"]
[Result "0-1"]
[WhiteElo "1776"]
[BlackElo "1476"]
[PlyCount "62"]
[EventDate "2011.09.04"]

1. d4 d5 2. Nf3 e6 3. c4 Nf6 4. Nc3 Be7 5. Bg5 O-O 6. e3 Nbd7 7. cxd5 Nxd5 8.
Bxe7 Qxe7 9. Bd3 Nxc3 10. bxc3 e5 11. Qc2 g6 12. O-O Re8 13. Be4 exd4 14. Nd2
dxe3 15. fxe3 Nc5 16. Bd5 Qxe3+ 17. Kh1 Bf5 18. Qd1 Nd3 19. Qf3 Qxd2 20. Bxf7+
Kxf7 21. Qd5+ Kg7 22. Qd4+ Kg8 23. Qc4+ Be6 24. Qxc7 Nf2+ 25. Kg1 Nh3+ 26. gxh3
Bd5 27. Qg3 Re2 28. Rf2 Rae8 29. Rxe2 Qxe2 30. Qf2 Qe4 31. Qg3 Rf8 0-1

[Event "IX Festival Open"]
[Site "Amantea ITA"]
[Date "2011.09.05"]
[Round "2"]
[White "Martino, Giovanni"]
[Black "Sorbelli, Massimo"]
[Result "0-1"]
[WhiteElo "1542"]
[BlackElo "1896"]
[PlyCount "70"]
[EventDate "2011.09.04"]

1. e4 c5 2. Nc3 Nc6 3. g3 Nf6 4. Bg2 e6 5. d3 Be7 6. f4 d6 7. Nge2 e5 8. O-O h6
9. h3 Bd7 10. Be3 h5 11. Qd2 Nd4 12. Nd1 Qc8 13. Kh2 h4 14. g4 Bxg4 15. Bxd4
Bxe2 16. Qxe2 cxd4 17. c4 Nh5 18. fxe5 Ng3 19. Qf2 Nxf1+ 20. Bxf1 dxe5 21. a3
Bg5 22. Qg2 Bf4+ 23. Kh1 Bg3 24. Be2 Qc6 25. Bg4 Qf6 26. b4 Rh6 27. Kg1 Qf4 28.
Qc2 Rf6 29. Qg2 b6 30. Ra2 Rd8 31. Rd2 Be1 32. Rc2 Rdd6 33. c5 bxc5 34. Rxc5
Rc6 35. Rxc6 Rxc6 0-1

[Event "IX Festival Open"]
[Site "Amantea ITA"]
[Date "2011.09.05"]
[Round "2"]
[White "Mercuri, Delia"]
[Black "Mileo, Miguelito"]
[Result "1/2-1/2"]
[WhiteElo "1523"]
[BlackElo "1833"]
[PlyCount "86"]
[EventDate "2011.09.04"]

1. e4 d6 2. d4 Nf6 3. Nc3 Nbd7 4. Nf3 e5 5. dxe5 Nxe5 6. Nxe5 dxe5 7. Qxd8+
Kxd8 8. Bg5 Be6 9. O-O-O+ Kc8 10. Bxf6 gxf6 11. Kb1 c6 12. Be2 Rg8 13. g3 Kc7
14. f4 Bb4 15. f5 Bd7 16. Bc4 Rg7 17. Ne2 a5 18. a3 Bc5 19. Rd3 b5 20. Ba2 Rd8
21. Rhd1 Be7 22. Ng1 Be8 23. Rxd8 Bxd8 24. Nf3 Rg4 25. Re1 Be7 26. Re2 Kb6 27.
c3 a4 28. Nd2 h5 29. Kc2 h4 30. Nf1 Bc5 31. h3 Rg8 32. g4 Bf8 33. Rd2 Kc7 34.
Re2 Bh6 35. Nh2 Bf4 36. Nf3 Bg3 37. Nd2 Kd7 38. c4 Ke7 39. c5 Bd7 40. Kc3 Rd8
41. Nf1 Bf4 42. Ne3 Be8 43. Ng2 Bg3 1/2-1/2

[Event "IX Festival Open"]
[Site "Amantea ITA"]
[Date "2011.09.05"]
[Round "2"]
[White "Morelli, Gaetano"]
[Black "Casella, Carlo"]
[Result "1-0"]
[WhiteElo "1852"]
[BlackElo "1699"]
[PlyCount "47"]
[EventDate "2011.09.04"]

1. e4 c5 2. Nf3 a6 3. d4 cxd4 4. Nxd4 e5 5. Nb3 Nc6 6. Nc3 Nf6 7. Bg5 h6 8.
Bxf6 gxf6 9. Bc4 Bb4 10. Qf3 d6 11. O-O-O Bxc3 12. Qxc3 Be6 13. Rd2 Qc7 14. Bd5
Ke7 15. f4 Rac8 16. Rf1 Nb8 17. Qf3 Bxd5 18. fxe5 Kd7 19. exd5 Qd8 20. e6+ fxe6
21. dxe6+ Kxe6 22. Qd5+ Ke7 23. Nd4 Nc6 24. Qe6+ 1-0

[Event "IX Festival Open"]
[Site "Amantea ITA"]
[Date "2011.09.05"]
[Round "2"]
[White "Panariello, Francesco"]
[Black "Nazzareno, Mario"]
[Result "1-0"]
[WhiteElo "1766"]
[BlackElo "1413"]
[PlyCount "73"]
[EventDate "2011.09.04"]

1. d4 f5 2. g3 Nf6 3. Bg2 e6 4. Nf3 Bb4+ 5. c3 Ba5 6. O-O O-O 7. Bf4 d6 8. Nbd2
Nbd7 9. Qb3 Qe8 10. Nc4 Bb6 11. Ng5 Kh8 12. Nf3 e5 13. dxe5 dxe5 14. Ncxe5 Nxe5
15. Bxe5 Ng4 16. Qb4 a5 17. Qf4 h6 18. e3 Bd7 19. Bd4 Rd8 20. Bxb6 cxb6 21. Nd4
Qh5 22. h3 Rde8 23. hxg4 fxg4 24. Qd6 Qf7 25. Bd5 Qf6 26. Qxf6 Rxf6 27. Bxb7 h5
28. Rad1 Rh6 29. Rfe1 h4 30. e4 h3 31. Kh2 Rf6 32. Rd2 Kh7 33. e5 Rh6 34. Rde2
Be6 35. Nxe6 Rhxe6 36. Bc8 R6e7 37. Bxg4 1-0

[Event "IX Festival Open"]
[Site "Amantea ITA"]
[Date "2011.09.05"]
[Round "2"]
[White "Pelyushenko, Anton"]
[Black "Olivo, Paolo"]
[Result "1/2-1/2"]
[WhiteElo "1692"]
[BlackElo "1815"]
[PlyCount "68"]
[EventDate "2011.09.04"]

1. Nf3 Nf6 2. g3 d5 3. d4 c6 4. Bg2 g6 5. O-O Bg7 6. Bf4 O-O 7. Nbd2 Nh5 8. Be3
Nd7 9. Rc1 e5 10. dxe5 Nxe5 11. c3 Bg4 12. Bg5 Qd7 13. Nxe5 Bxe5 14. Nf3 Bg7
15. Re1 Rfe8 16. Nd4 h6 17. Bf4 Nxf4 18. gxf4 h5 19. Qd3 Bxd4 20. Qxd4 Rxe2 21.
Rxe2 Bxe2 22. f3 b6 23. c4 c5 24. Qxd5 Qxd5 25. cxd5 Rd8 26. Rc2 Ba6 27. Rd2
Rd6 28. Bf1 Bb7 29. Bc4 a6 30. a4 Bc6 31. Bxa6 Bxa4 32. Rd3 Kg7 33. b3 Bd7 34.
Kf2 f6 1/2-1/2

[Event "IX Festival Open"]
[Site "Amantea ITA"]
[Date "2011.09.05"]
[Round "2"]
[White "Pelyushenko, Vladyslav"]
[Black "Vizza, Pietro"]
[Result "1-0"]
[WhiteElo "1812"]
[BlackElo "1691"]
[PlyCount "83"]
[EventDate "2011.09.04"]

1. d4 d6 2. c4 e5 3. d5 Nd7 4. Nc3 Be7 5. e4 Ngf6 6. Nf3 c6 7. Qc2 O-O 8. Be2
Qc7 9. O-O a5 10. Re1 Nc5 11. Be3 Rd8 12. Nd2 Ng4 13. Bxc5 dxc5 14. f3 Nf6 15.
Nf1 Ne8 16. Ne3 Nd6 17. Bf1 Bg5 18. Nf5 Bxf5 19. exf5 f6 20. dxc6 Qxc6 21. Nd5
Kf7 22. Bd3 Rd7 23. Rad1 Rad8 24. Be4 Qa6 25. b3 Nc8 26. Nc3 Na7 27. Bd5+ Kf8
28. Ne4 b6 29. Nxg5 fxg5 30. Rxe5 Nc6 31. Rde1 Nb4 32. Qe4 Nxd5 33. Rxd5 Rxd5
34. cxd5 Qb7 35. Rd1 Qe7 36. Kf2 Qxe4 37. fxe4 Ke7 38. e5 Rf8 39. g4 h5 40. h3
hxg4 41. hxg4 Kd7 42. d6 1-0

[Event "IX Festival Open"]
[Site "Amantea ITA"]
[Date "2011.09.05"]
[Round "2"]
[White "Rametta, Marcello"]
[Black "Scerra, Ezio"]
[Result "1/2-1/2"]
[WhiteElo "1748"]
[BlackElo "1512"]
[PlyCount "74"]
[EventDate "2011.09.04"]

1. e4 g6 2. Bc4 Bg7 3. c3 d6 4. h3 Nf6 5. d3 O-O 6. Nf3 a6 7. Bb3 c5 8. Bg5 Nc6
9. Nbd2 b5 10. Qe2 Bb7 11. h4 a5 12. Bxf6 exf6 13. h5 Ne5 14. hxg6 Nxg6 15. g3
f5 16. Nh4 Nxh4 17. Rxh4 Qg5 18. Rh5 Qg4 19. Rxf5 Qxe2+ 20. Kxe2 a4 21. Bd5
Bxd5 22. Rxd5 b4 23. Rh1 bxc3 24. bxc3 Bxc3 25. Nc4 f5 26. Nxd6 fxe4 27. Nxe4
Rae8 28. Kd1 Rxe4 29. dxe4 Rxf2 30. Rxc5 Rd2+ 31. Kc1 Rxa2 32. Rc8+ Kg7 33.
Rc7+ Kg6 34. Rhxh7 Be5 35. Ra7 Rg2 36. Rh3 a3 37. Ra6+ Kg7 1/2-1/2

[Event "IX Festival Open"]
[Site "Amantea ITA"]
[Date "2011.09.05"]
[Round "2"]
[White "Rizzuti, Pasquale"]
[Black "Preiti, Salvatore"]
[Result "1-0"]
[WhiteElo "1856"]
[BlackElo "1661"]
[PlyCount "91"]
[EventDate "2011.09.04"]

1. e4 c5 2. Nf3 d6 3. d4 cxd4 4. Nxd4 g6 5. Nc3 Bg7 6. Be3 Nf6 7. Be2 O-O 8.
O-O Bd7 9. f4 e6 10. Qd2 Bc6 11. Nxc6 Nxc6 12. Rad1 Qa5 13. a3 Rad8 14. Bf3 a6
15. Qf2 Qc7 16. Bb6 Qb8 17. Bxd8 Rxd8 18. e5 dxe5 19. Bxc6 bxc6 20. Rxd8+ Qxd8
21. fxe5 Nd5 22. Qxf7+ Kh8 23. Qxe6 Ne3 24. Qd6 Qe8 25. e6 Nxf1 26. e7 Kg8 27.
Qe6+ Kh8 28. Kxf1 Bxc3 29. bxc3 Kg7 30. Ke2 c5 31. c4 h6 32. a4 g5 33. a5 Kh7
34. Ke3 Kg7 35. g4 Kh7 36. h3 Kg7 37. Qe5+ Kf7 38. Qxc5 Qxe7+ 39. Qxe7+ Kxe7
40. Kd4 Kd6 41. c5+ Kc6 42. Kc4 Kc7 43. Kd5 Kd7 44. c6+ Kc7 45. Kc5 Kc8 46. Kb6
1-0

[Event "IX Festival Open"]
[Site "Amantea ITA"]
[Date "2011.09.05"]
[Round "2"]
[White "Rubino, Giovanni"]
[Black "Denozza, Mauro"]
[Result "0-1"]
[WhiteElo "1434"]
[BlackElo "1664"]
[PlyCount "102"]
[EventDate "2011.09.04"]

1. e4 d6 2. d4 Nf6 3. Nc3 c6 4. Nf3 Bg4 5. Be2 e6 6. Bg5 Be7 7. Qd3 O-O 8.
O-O-O d5 9. e5 Nfd7 10. Bxe7 Qxe7 11. Qd2 c5 12. h3 Bxf3 13. gxf3 Nc6 14. Nb5
cxd4 15. f4 f6 16. Nxd4 fxe5 17. Nxc6 bxc6 18. f5 exf5 19. h4 e4 20. Qg5 Qxg5+
21. hxg5 f4 22. f3 e3 23. c4 Nb6 24. cxd5 cxd5 25. Rh4 Rad8 26. Rdh1 d4 27.
Rxh7 d3 28. Rh8+ Kf7 29. Rxf8+ Kxf8 30. Rh8+ Ke7 31. Rxd8 Kxd8 32. Bxd3 Ke7 33.
Kc2 Kd6 34. Kc3 Na4+ 35. Kc2 Nc5 36. b3 Nxd3 37. Kxd3 Kd5 38. a4 a5 39. g6 Kc5
40. Kc3 Kd5 41. Kd3 Ke5 42. Kc3 Kf5 43. Kd3 Kxg6 44. Ke2 Kf5 45. b4 axb4 46. a5
b3 47. a6 b2 48. a7 b1=Q 49. a8=Q Qc2+ 50. Ke1 Qd2+ 51. Kf1 Qf2# 0-1

[Event "IX Festival Open"]
[Site "Amantea ITA"]
[Date "2011.09.05"]
[Round "2"]
[White "Serratore, Vincenzo"]
[Black "Anselmi, Beatrice"]
[Result "1-0"]
[WhiteElo "1859"]
[BlackElo "1734"]
[PlyCount "73"]
[EventDate "2011.09.04"]

1. d4 d5 2. f4 Nf6 3. Nf3 e6 4. e3 Nbd7 5. Bd3 g6 6. Nbd2 Bg7 7. Qe2 O-O 8. c3
c5 9. Ne5 Nxe5 10. fxe5 Nd7 11. Nf3 f6 12. exf6 Bxf6 13. Bd2 e5 14. dxe5 Nxe5
15. Nxe5 Bxe5 16. O-O-O Bd7 17. e4 d4 18. Bc4+ Kg7 19. Qd3 Bg4 20. Rdf1 dxc3
21. Bxc3 Bxc3 22. Qxc3+ Qd4 23. Qxd4+ cxd4 24. Kd2 Rad8 25. Kd3 b6 26. b4 Rd7
27. h3 b5 28. Bd5 Bf5 29. g4 Rxd5 30. gxf5 Rd7 31. Rhg1 Kh6 32. f6 g5 33. Rf5
Rdf7 34. e5 Kg6 35. Rgxg5+ Kh6 36. Rh5+ Kg6 37. Rfg5# 1-0

[Event "IX Festival Open"]
[Site "Amantea ITA"]
[Date "2011.09.05"]
[Round "2"]
[White "Trematerra, Massimiliano"]
[Black "Manfredi, Candido"]
[Result "0-1"]
[WhiteElo "1511"]
[BlackElo "1752"]
[PlyCount "112"]
[EventDate "2011.09.04"]

1. d4 g6 2. c4 Bg7 3. Nc3 d6 4. Bf4 Nc6 5. Nf3 Nf6 6. d5 Nb8 7. Qc2 Nbd7 8. Bg3
a6 9. e4 O-O 10. h3 e5 11. dxe6 fxe6 12. Rd1 e5 13. Bh4 Qe8 14. b4 b6 15. Na4
Bb7 16. Bd3 Nh5 17. c5 Bc6 18. cxb6 Bxa4 19. Bc4+ Kh8 20. Qxa4 Nxb6 21. Qxe8
Rfxe8 22. Bb3 Nf4 23. O-O a5 24. Ng5 h6 25. Nf7+ Kh7 26. bxa5 Rxa5 27. Bd8 Ra7
28. Rd2 Ne6 29. Nxd6 Rxd8 30. Bxe6 Rxd6 31. Rxd6 cxd6 32. Rb1 Na4 33. Rb4 Nc5
34. Bd5 h5 35. Kf1 Ra4 36. Rb6 Nxe4 37. Bxe4 Rxe4 38. Rxd6 Ra4 39. Rd2 e4 40.
Ke2 Bd4 41. Kd1 Rc4 42. Ke2 Kg7 43. g4 Kf6 44. gxh5 gxh5 45. Kf1 Kf5 46. Kg2 h4
47. Re2 Rb4 48. f3 Rb2 49. Rxb2 Bxb2 50. a4 e3 51. Kf1 Bc3 52. Ke2 Kf4 53. a5
Bxa5 54. Kf1 Kxf3 55. Kg1 e2 56. Kh2 Bc7+ 0-1

[Event "IX Festival Open"]
[Site "Amantea ITA"]
[Date "2011.09.05"]
[Round "2"]
[White "Tricomi, Massimo"]
[Black "Brogneri, Giovanni"]
[Result "1/2-1/2"]
[WhiteElo "1889"]
[BlackElo "1736"]
[PlyCount "88"]
[EventDate "2011.09.04"]

1. e4 e6 2. Nf3 d5 3. Nc3 dxe4 4. Nxe4 Nf6 5. Nxf6+ Qxf6 6. d4 h6 7. Be3 Bd6 8.
g3 Bd7 9. Bg2 Bc6 10. c4 Bb4+ 11. Kf1 Be7 12. Ne5 Bxg2+ 13. Kxg2 O-O 14. Qh5
Bd6 15. Ng4 Qf5 16. Qxf5 exf5 17. Ne5 Bxe5 18. dxe5 Nc6 19. f4 Rad8 20. Rhd1 a6
21. Kf3 Rxd1 22. Rxd1 Rd8 23. Rxd8+ Nxd8 24. Ke2 Kf8 25. Kd3 Ne6 26. b4 c6 27.
Bb6 Ke7 28. a4 Kd7 29. Ke3 h5 30. Kf3 g6 31. h3 Kc8 32. g4 hxg4+ 33. hxg4 fxg4+
34. Kxg4 Kd7 35. Kf3 Nf8 36. Ke4 Ke6 37. b5 cxb5 38. cxb5 axb5 39. axb5 Nd7 40.
Bd8 Nc5+ 41. Kd4 Nd7 42. Bg5 Nb6 43. Bd8 Nd7 44. Bg5 Nb6 1/2-1/2

[Event "IX Festival Open"]
[Site "Amantea ITA"]
[Date "2011.09.05"]
[Round "2"]
[White "Vasta, Armando"]
[Black "Ielapi, Vito"]
[Result "0-1"]
[WhiteElo "1545"]
[BlackElo "1848"]
[PlyCount "134"]
[EventDate "2011.09.04"]

1. d4 Nf6 2. c4 e6 3. Nf3 b6 4. Nc3 Bb7 5. Bg5 Be7 6. e3 O-O 7. Bd3 d5 8. cxd5
exd5 9. O-O Nbd7 10. Rb1 c5 11. h3 Ne4 12. Bxe7 Qxe7 13. dxc5 Nxc3 14. bxc3
Nxc5 15. Bc2 Qf6 16. Qd4 Qh6 17. Nh4 Ne4 18. Nf3 Rac8 19. Bxe4 dxe4 20. Ne1 Qc6
21. Rc1 Ba6 22. c4 Bxc4 23. g4 Rfd8 24. Qe5 f6 25. Qf4 Qb5 26. Qxe4 Bxf1 27.
Rxc8 Rxc8 28. Qe6+ Kf8 29. Qxc8+ Kf7 30. Qb7+ Ke6 31. Qc8+ Kd6 32. Qd8+ Kc5 33.
Qe7+ Kc6 34. Qe8+ Kb7 35. Qf7+ Ka6 36. Qxg7 Bxh3 37. Kh2 Qf1 38. Qh6 Bxg4 39.
Qh4 Qxe1 40. Qxg4 Qxf2+ 41. Kh1 Qxa2 42. e4 Qf7 43. Qf5 Qe7 44. e5 Kb7 45. Qxf6
Qe8 46. e6 Kc8 47. Qf7 Kd8 48. Qf6+ Qe7 49. Qh8+ Kc7 50. Qe5+ Kc6 51. Kg2 b5
52. Kf3 b4 53. Kf4 h6 54. Qe4+ Kc7 55. Kf3 a5 56. Qf5 Kd6 57. Qxa5 Kxe6 58.
Qb6+ Qd6 59. Qe3+ Kf5 60. Qe4+ Kf6 61. Qh4+ Kf7 62. Qh5+ Ke7 63. Qb5 Qf6+ 64.
Ke4 Qe6+ 65. Kd4 Qd7+ 66. Qxd7+ Kxd7 67. Kc4 h5 0-1

[Event "IX Festival Open"]
[Site "Amantea ITA"]
[Date "2011.09.05"]
[Round "2"]
[White "Violi, Vincenzo"]
[Black "Russo, Arianna"]
[Result "1/2-1/2"]
[WhiteElo "1828"]
[BlackElo "1696"]
[PlyCount "35"]
[EventDate "2011.09.04"]

1. d4 Nf6 2. Nc3 g6 3. e4 d6 4. Bg5 Bg7 5. f4 O-O 6. Qd2 Nbd7 7. Nf3 c5 8. d5
a6 9. a4 Qc7 10. Bd3 c4 11. Be2 Nc5 12. Bxf6 Bxf6 13. Qe3 Qb6 14. O-O Nxa4 15.
Qxb6 Nxb6 16. Nd2 Bd7 17. Nxc4 Nxc4 18. Bxc4 1/2-1/2

[Event "IX Festival Open"]
[Site "Amantea ITA"]
[Date "2011.09.06"]
[Round "3"]
[White "Anselmi, Beatrice"]
[Black "Barca, Lorenzo"]
[Result "1/2-1/2"]
[WhiteElo "1734"]
[BlackElo "1608"]
[PlyCount "85"]
[EventDate "2011.09.04"]

1. e4 d6 2. d4 Nf6 3. Nc3 g6 4. Nf3 Bg7 5. h3 O-O 6. Be3 Nc6 7. Bc4 e5 8. O-O
h6 9. d5 Ne7 10. Qd2 Kh7 11. Qc1 Nd7 12. Nh2 g5 13. Ng4 Ng6 14. Ne2 Nf6 15.
Nxf6+ Bxf6 16. Ng3 Nf4 17. Qd1 Rg8 18. Be2 Bd7 19. Bg4 Bxg4 20. Qxg4 Qc8 21.
Nf5 h5 22. Qd1 g4 23. Bxf4 exf4 24. Kh1 Rg5 25. h4 Rg6 26. Qd2 Be5 27. Ne7 Qd8
28. Nxg6 fxg6 29. g3 g5 30. Qd3 gxh4 31. gxf4 Bxf4 32. e5+ Kh6 33. exd6 Qxd6
34. Rae1 Be5 35. Qe3+ Bf4 36. Qd4 Kg5 37. Qg7+ Qg6 38. Qe7+ Qf6 39. Qxf6+ Kxf6
40. Re4 Bd6 41. Rfe1 Rg8 42. Re6+ Kf5 43. c4 1/2-1/2

[Event "IX Festival Open"]
[Site "Amantea ITA"]
[Date "2011.09.06"]
[Round "3"]
[White "Attina', Rodolfo"]
[Black "Gemelli, Antonio"]
[Result "0-1"]
[WhiteElo "1401"]
[BlackElo "1458"]
[PlyCount "108"]
[EventDate "2011.09.04"]

1. Nf3 Nf6 2. d4 d5 3. g3 c6 4. Nbd2 e6 5. Bg2 Be7 6. O-O O-O 7. Re1 Nbd7 8. c3
b6 9. e4 dxe4 10. Nxe4 Bb7 11. Nxf6+ Nxf6 12. Bf4 c5 13. Be5 Qd7 14. Qc2 Rfd8
15. Rad1 Qe8 16. Rd2 Rac8 17. b3 Ba8 18. Rdd1 h6 19. Qe2 Ne4 20. Rc1 cxd4 21.
Bxd4 Nf6 22. Nd2 Bxg2 23. Kxg2 Ba3 24. Rcd1 Bb2 25. Bxf6 gxf6 26. Qg4+ Kh8 27.
Nc4 Bxc3 28. Re3 Rxd1 29. Qxd1 Qc6+ 30. f3 Bb4 31. Rd3 Be7 32. Rd7 Rc7 33. Rxc7
Qxc7 34. Ne3 f5 35. Qd4+ Kh7 36. Qd3 Qd6 37. Qxd6 Bxd6 38. Nc4 Be7 39. a4 Bc5
40. Ne5 Kg7 41. Nd7 Bd6 42. f4 f6 43. Kh3 Kf7 44. Kh4 Ke7 45. Kh5 Kxd7 46. Kxh6
e5 47. Kg6 Ke6 48. h4 e4 49. h5 Bf8 50. b4 e3 51. g4 fxg4 52. f5+ Ke7 53. h6
Bxh6 54. Kxh6 e2 0-1